|
|
|
|
| LEADER |
00000ny a22000003n 4500 |
| 005 |
20110513113017.0 |
| 008 |
100524d20079999ag ur p 0 b spa d |
| 022 |
|
|
|a 1669- 4031
|
| 035 |
|
|
|a 4894
|
| 040 |
|
|
|a BUS
|d vLex
|
| 090 |
|
|
|c 1856
|d 1856
|
| 245 |
0 |
0 |
|a Revista Cientf̕ica Equipo Federal del Trabajo
|h [Recurso electrn̤ico]
|
| 256 |
|
|
|a Servicio en ln̕ea
|
| 260 |
|
|
|a [Buenos Aires] :
|b Equipo Federal del Trabajo
|
| 506 |
1 |
|
|a Contenido solo disponible en los productos indicados
|d vLex Global
|d vLex Global (Academic Edition, excluding Law Schools)
|d vLex Global (U.S. Academic Edition, Law Schools)
|d vLex Global (U.S. Academic Edition, excluding Law Schools)
|d vLex Global (Academic Edition, Law Schools)
|
| 650 |
0 |
4 |
|a Derecho social
|x Publicaciones perid̤icas
|
| 740 |
0 |
|
|a vLex Revista (Servicios en ln̕ea)
|
| 853 |
|
|
|8 1
|i (year)
|j (month)
|k (day)
|
| 856 |
4 |
0 |
|u http://vlex.com/source/4894
|z Acceso restringido
|
| 942 |
|
|
|c REV
|